000 00286nam a2200121Ia 4500
008 220216s9999 xx 000 0 und d
100 _aJacob Jom
245 0 _aDid ITRC achieve its proclaimed goal?
260 _bRubber Asia
_c2013
300 _a50-55
650 _aRubber
942 _cBS
999 _c49717
_d49717